Statistics for Harry Potter: Lord Voldemort's Horcruxes - Click Quiz

Click here to take the quiz!

General Stats

  • This quiz has been taken 123 times
  • The average score is 6 of 7

Answer Stats

HintAnswer% Correct
Tom Riddle'sDiary
98%
Voldemort's petNagini
97%
the accidental HorcruxHarry Potter
96%
Rowena Ravenclaw'sDiadem
93%
Helga Hufflepuff'sCup
86%
Marvolo Gaunt'sRing
79%
Salazar Slytherin'sLocket
71%

Score Distribution

Percentile by Number Answered

Percent of People with Each Score

Your Score History

You have not taken this quiz